[Event "LEM2014"]
[Site "?"]
[Date "2014.05.29"]
[Round "1.1"]
[White "Ozeran, Volodymyr"]
[Black "Zoun, Mikhail"]
[Result "1-0"]
[WhiteElo "2137"]
[BlackElo "1871"]
[PlyCount "99"]
[EventDate "2014.??.??"]

1. d4 Nf6 2. g3 d5 3. Bg2 c6 4. Nf3 Bg4 5. O-O e6 6. Ne5 Bf5 7. b3 Bd6 8. Bb2
O-O 9. Nd2 Nbd7 10. Ndf3 h6 11. c4 Qb8 12. Nd3 Ne4 13. Rc1 Qd8 14. a4 Rc8 15.
Nfe5 Qe7 16. f3 Nef6 17. Nf2 Ba3 18. Bxa3 Qxa3 19. e4 Bh7 20. Ra1 Qd6 21. Nxd7
Nxd7 22. c5 Qc7 23. exd5 exd5 24. Bh3 Rce8 25. Re1 Nf6 26. Qd2 Bg6 27. b4 Nh7
28. Rxe8 Rxe8 29. Re1 Qd8 30. Re3 Ng5 31. Bg2 Ne6 32. f4 Qf6 33. Re5 Nc7 34.
Ng4 Qd8 35. Qe2 f6 36. Rxe8+ Qxe8 37. Qxe8+ Bxe8 38. Kf2 Na6 39. b5 Nb4 40. b6
a6 41. Ne3 Bd7 42. Ke2 a5 43. Kd2 g5 44. Bf3 gxf4 45. gxf4 Kg7 46. f5 Be8 47.
h4 h5 48. Bg2 Bd7 49. Bh3 Na6 50. Nc2 1-0

[Event "LEM2014"]
[Site "?"]
[Date "2014.05.29"]
[Round "1.2"]
[White "Matthey, Harald"]
[Black "Paul, Johannes"]
[Result "0-1"]
[WhiteElo "2205"]
[BlackElo "2274"]
[PlyCount "60"]
[EventDate "2014.??.??"]

1. e4 e6 2. d4 d5 3. Nd2 Nf6 4. Bd3 c5 5. e5 Nfd7 6. c3 Nc6 7. Ne2 cxd4 8. cxd4
f6 9. exf6 Nxf6 10. Nf3 Qc7 11. O-O Bd6 12. Bg5 O-O 13. Rc1 h6 14. Bh4 Nh5 15.
Bg6 Rxf3 16. Bxh5 Rf8 17. Bg3 Bxg3 18. fxg3 Bd7 19. Qd3 Qb6 20. Bg4 Ne5 21.
Bxe6+ Bxe6 22. Qe3 Ng4 23. Qa3 Nf6 24. Rc3 Bg4 25. Rb3 Qa6 26. Qxa6 bxa6 27.
Nf4 Rab8 28. Re3 Rfe8 29. Ra3 Rxb2 30. Rxa6 Be2 0-1

[Event "LEM2014"]
[Site "?"]
[Date "2014.05.29"]
[Round "1.3"]
[White "Domroese, Michael"]
[Black "Zimmermann, Christian"]
[Result "1-0"]
[WhiteElo "1876"]
[BlackElo "2085"]
[PlyCount "35"]
[EventDate "2014.??.??"]

1. e4 c5 2. Nc3 Nc6 3. f4 d6 4. Nf3 g6 5. Bc4 Bg7 6. O-O e6 7. d3 Nge7 8. Qe1
O-O 9. f5 exf5 10. Qh4 h5 11. Bg5 Qd7 12. Bf6 a6 13. Nd5 Nxd5 14. Bxd5 Bxf6 15.
Qxf6 Qe7 16. Qxg6+ Kh8 17. Qh6+ Kg8 18. Ng5 1-0

[Event "LEM2014"]
[Site "?"]
[Date "2014.05.29"]
[Round "1.4"]
[White "Groeger, Stefan"]
[Black "Schoenrock, Ruediger"]
[Result "0-1"]
[WhiteElo "1954"]
[BlackElo "2010"]
[PlyCount "82"]
[EventDate "2014.??.??"]

1. d4 d5 2. Nf3 Nf6 3. c4 c6 4. e3 Bf5 5. Nc3 e6 6. Be2 Nbd7 7. O-O Be7 8. b3
Ne4 9. Bb2 O-O 10. Nd2 Nxc3 11. Bxc3 Qc7 12. f4 h6 13. c5 f6 14. b4 e5 15. g4
Bh7 16. f5 exd4 17. exd4 Rfe8 18. Bd3 Bf8 19. Rf3 Re7 20. Qf1 Rae8 21. Qf2 Nb8
22. Nf1 Kh8 23. Ng3 Bg8 24. Bd2 Bf7 25. Rf1 b6 26. h4 bxc5 27. bxc5 Qd8 28. Rb1
Qc8 29. g5 Rb7 30. g6 Rxb1+ 31. Bxb1 Bg8 32. Rb3 Qa6 33. Qf1 Qc8 34. Bd3 Qc7
35. Bf4 Qa5 36. Qf2 Nd7 37. Qd2 Qa4 38. Be3 Nxc5 39. dxc5 d4 40. Bxh6 Bxb3 41.
axb3 Qa1+ 0-1

[Event "LEM2014"]
[Site "?"]
[Date "2014.05.29"]
[Round "2.1"]
[White "Zoun, Mikhail"]
[Black "Schoenrock, Ruediger"]
[Result "1/2-1/2"]
[WhiteElo "1871"]
[BlackElo "2010"]
[PlyCount "94"]
[EventDate "2014.??.??"]

1. d4 d5 2. Nf3 Nf6 3. Bf4 Bf5 4. e3 e6 5. h3 Bd6 6. Ne5 Nbd7 7. Nd2 O-O 8.
Ndf3 Ne4 9. Be2 f6 10. Nd3 Bxf4 11. Nxf4 c6 12. g4 e5 13. dxe5 fxe5 14. Nxd5
Qa5+ 15. b4 Qxd5 16. Qxd5+ cxd5 17. gxf5 Rxf5 18. c4 Raf8 19. Nd2 Rxf2 20. Nxe4
dxe4 21. c5 g6 22. Rd1 Nb8 23. b5 Kg7 24. Rd5 R2f5 25. h4 h5 26. Kd2 Rc8 27.
Rg1 Kf7 28. Bc4 Kg7 29. Kc3 Rc7 30. Rd8 Nd7 31. Rg8+ Kh7 32. R8xg6 Nf6 33. Bg8+
Nxg8 34. Rxg8 Rxc5+ 35. Kb4 Rc7 36. Ra8 b6 37. Rgg8 Rf3 38. Rg5 Rxe3 39. Rxh5+
Kg6 40. Rxe5 Re1 41. Re6+ Kf5 42. Rc6 a5+ 43. Kb3 Rxc6 44. bxc6 Rc1 45. Rc8 e3
46. c7 e2 47. Re8 Rxc7 1/2-1/2

[Event "LEM2014"]
[Site "?"]
[Date "2014.05.29"]
[Round "2.2"]
[White "Zimmermann, Christian"]
[Black "Groeger, Stefan"]
[Result "0-1"]
[WhiteElo "2085"]
[BlackElo "1954"]
[PlyCount "106"]
[EventDate "2014.??.??"]

1. e4 Nf6 2. e5 Nd5 3. c4 Nb6 4. d4 d6 5. exd6 exd6 6. Nc3 Be7 7. h3 Nc6 8. Nf3
Bf5 9. Bd3 Bg6 10. O-O O-O 11. Bxg6 hxg6 12. b3 Re8 13. Re1 Bf6 14. Ne4 d5 15.
Nxf6+ Qxf6 16. c5 Nd7 17. Bg5 Qf5 18. Qd2 Nf8 19. b4 a6 20. a4 Nh7 21. Bf4 Qd7
22. Be3 Nf6 23. Qb2 Qc8 24. b5 axb5 25. axb5 Rxa1 26. Rxa1 Nd8 27. Ra7 Ne6 28.
Ne5 Rd8 29. Qa3 Re8 30. c6 b6 31. Nd3 Qd8 32. Qa6 Qd6 33. g3 g5 34. Qa1 Ne4 35.
Kg2 f5 36. Qa3 f4 37. Qxd6 Nxd6 38. gxf4 Nxb5 39. Ra4 gxf4 40. Nxf4 Nxf4+ 41.
Bxf4 Re6 42. Rb4 Nd6 43. Rb1 Kf7 44. Be5 g6 45. Kf3 Nc4 46. Rb5 Nxe5+ 47. dxe5
Rxe5 48. Kg4 Ke6 49. f4 Rf5 50. Rb1 Kd6 51. Rc1 d4 52. Re1 Rd5 53. h4 d3 0-1

[Event "LEM2014"]
[Site "?"]
[Date "2014.05.29"]
[Round "2.3"]
[White "Paul, Johannes"]
[Black "Domroese, Michael"]
[Result "1-0"]
[WhiteElo "2274"]
[BlackElo "1876"]
[PlyCount "63"]
[EventDate "2014.??.??"]

1. c4 c5 2. g3 g6 3. Bg2 Bg7 4. Nc3 Nc6 5. Nf3 e5 6. a3 d6 7. O-O Nge7 8. Rb1
a5 9. d3 O-O 10. Bg5 h6 11. Bxe7 Nxe7 12. Ne1 Rb8 13. Nc2 Bd7 14. b4 Bc6 15.
bxc5 Bxg2 16. Kxg2 dxc5 17. Ne3 f5 18. Rb5 Qd4 19. Ned5 Nxd5 20. Nxd5 e4 21. e3
Qe5 22. Rxc5 exd3 23. Qxd3 b6 24. Rc6 Rfd8 25. Rd1 Kh7 26. a4 Qe8 27. Rc7 Rd6
28. Qd4 Qf8 29. Qe5 Kh8 30. Rxg7 Rxd5 31. Rxd5 Re8 32. Re7+ 1-0

[Event "LEM2014"]
[Site "?"]
[Date "2014.05.29"]
[Round "2.4"]
[White "Ozeran, Volodymyr"]
[Black "Matthey, Harald"]
[Result "0-1"]
[WhiteElo "2137"]
[BlackElo "2205"]
[PlyCount "66"]
[EventDate "2014.??.??"]

1. d4 g6 2. g3 Bg7 3. Bg2 c5 4. Nf3 cxd4 5. Nxd4 Nc6 6. Nxc6 bxc6 7. O-O Rb8 8.
c3 Nf6 9. Qc2 Qb6 10. Nd2 Ba6 11. Nb3 c5 12. Bf4 d6 13. Rab1 O-O 14. Rfe1 c4
15. Nc1 Ng4 16. Rf1 e5 17. Bg5 h6 18. Bd2 Bc8 19. h3 Nf6 20. Kh2 d5 21. f3 e4
22. fxe4 Nxe4 23. Bxe4 dxe4 24. Qxe4 Qb5 25. Qc2 Qh5 26. Bf4 Bxh3 27. Kg1 Rbe8
28. Re1 Qc5+ 29. Kh2 Qf2+ 30. Kxh3 Qxe1 31. e3 Qh1+ 32. Qh2 Qe4 33. Ra1 g5 0-1

[Event "LEM2014"]
[Site "?"]
[Date "2014.05.30"]
[Round "3.1"]
[White "Matthey, Harald"]
[Black "Zoun, Mikhail"]
[Result "0-1"]
[WhiteElo "2205"]
[BlackElo "1871"]
[PlyCount "72"]
[EventDate "2014.??.??"]

1. e4 e6 2. d4 b6 3. Bd3 Bb7 4. Nf3 Nf6 5. Qe2 Be7 6. a3 d6 7. O-O Nbd7 8. Nbd2
O-O 9. b4 e5 10. Bb2 exd4 11. Bxd4 Ng4 12. Bc4 Bf6 13. h3 Nge5 14. Bb3 Re8 15.
Nxe5 Bxe5 16. Bxe5 Nxe5 17. f4 Nd7 18. Qc4 Rf8 19. Rae1 a5 20. Nf3 h6 21. Nd4
Nf6 22. e5 d5 23. Qe2 Ne4 24. e6 c5 25. exf7+ Rxf7 26. bxc5 bxc5 27. Ne6 Qd6
28. f5 c4 29. Ba4 Nc3 30. Qg4 Nxa4 31. f6 Bc8 32. fxg7 Bxe6 33. Rxe6 Qc5+ 34.
Kh2 Rxf1 35. Qg6 Qc7+ 36. g3 Qf7 0-1

[Event "LEM2014"]
[Site "?"]
[Date "2014.05.30"]
[Round "3.2"]
[White "Domroese, Michael"]
[Black "Ozeran, Volodymyr"]
[Result "1/2-1/2"]
[WhiteElo "1876"]
[BlackElo "2137"]
[PlyCount "90"]
[EventDate "2014.??.??"]

1. e4 c6 2. Nc3 d5 3. Nf3 dxe4 4. Nxe4 Nd7 5. Bc4 Ngf6 6. Nfg5 Ne5 7. Bb3 Nxe4
8. Nxe4 Bg4 9. f3 Bh5 10. d4 Nd7 11. Qe2 e6 12. Bg5 Qa5+ 13. c3 Bg6 14. Bf4
Bxe4 15. fxe4 Be7 16. O-O O-O 17. e5 Rfe8 18. Qh5 Nf8 19. Be3 f6 20. Qg4 Kh8
21. Bh6 Ng6 22. Bxg7+ Kxg7 23. Qxe6 Rf8 24. h4 Rae8 25. h5 Nxe5 26. h6+ Kh8 27.
Qf5 Qb6 28. Rae1 Ng6 29. Qd7 Rd8 30. Qg4 Qc7 31. Re2 Bd6 32. Rfe1 Nf4 33. Re7
Rg8 34. Bxg8 Rxg8 35. Re8 Ng6 36. Rxg8+ Kxg8 37. Re8+ Bf8 38. Rc8 Qe7 39. Qg3
f5 40. Qc7 Qe1+ 41. Kh2 Qh4+ 42. Kg1 Qxh6 43. Qxb7 Nh4 44. Qe7 Qc1+ 45. Kh2
Qf4+ 1/2-1/2

[Event "LEM2014"]
[Site "?"]
[Date "2014.05.30"]
[Round "3.3"]
[White "Groeger, Stefan"]
[Black "Paul, Johannes"]
[Result "1-0"]
[WhiteElo "1954"]
[BlackElo "2274"]
[PlyCount "93"]
[EventDate "2014.??.??"]

1. d4 Nf6 2. c4 g6 3. Nc3 Bg7 4. e4 d6 5. Nf3 O-O 6. Be2 Nbd7 7. O-O e5 8. Be3
Re8 9. dxe5 dxe5 10. h3 c6 11. Qc2 Nh5 12. Rfd1 Nf4 13. Bf1 Qf6 14. Ne1 Ne6 15.
Nf3 Bf8 16. Na4 Ndc5 17. Nxc5 Bxc5 18. Bxc5 Nxc5 19. b4 Ne6 20. Qc3 c5 21. Rd5
cxb4 22. Qxb4 Nf4 23. Qa4 Be6 24. Qa3 Bxd5 25. cxd5 a6 26. Rd1 Rad8 27. g3 Ne6
28. Rd2 Ng7 29. Kg2 Qd6 30. Qe3 Rc8 31. Be2 Re7 32. Bd1 Ne8 33. Qh6 f6 34. h4
Rec7 35. Bb3 b5 36. Nh2 Rc3 37. Ng4 a5 38. h5 g5 39. Ne3 Ng7 40. Qxg7+ Kxg7 41.
Nf5+ Kf8 42. Nxd6 Rb8 43. Bd1 b4 44. h6 Ra8 45. Nb5 Rc4 46. d6 a4 47. Nc7 1-0

[Event "LEM2014"]
[Site "?"]
[Date "2014.05.30"]
[Round "3.4"]
[White "Schoenrock, Ruediger"]
[Black "Zimmermann, Christian"]
[Result "1-0"]
[WhiteElo "2010"]
[BlackElo "2085"]
[PlyCount "83"]
[EventDate "2014.??.??"]

1. e4 c5 2. c3 Nf6 3. e5 Nd5 4. d4 cxd4 5. cxd4 d6 6. Nf3 Nc6 7. Nc3 dxe5 8.
dxe5 Nxc3 9. Qxd8+ Nxd8 10. bxc3 Nc6 11. Rb1 b6 12. Bb5 Bd7 13. O-O Rc8 14. Be3
e6 15. Rfd1 Nb8 16. c4 Bc5 17. Rb3 Bxe3 18. Rxe3 Rc7 19. Ng5 O-O 20. Ne4 Bc8
21. Nd6 Nc6 22. f4 Ne7 23. g3 Nf5 24. Red3 h5 25. Kf2 Rc5 26. Ra3 Rc7 27. Rad3
f6 28. Nxc8 Rfxc8 29. Bd7 Rxd7 30. Rxd7 fxe5 31. Rd8+ Rxd8 32. Rxd8+ Kf7 33.
fxe5 Kg6 34. Rd7 Nh6 35. h3 Nf7 36. Rxa7 Nxe5 37. Rc7 Kf5 38. Ke3 g5 39. c5
bxc5 40. Rxc5 Kf6 41. a4 Nd7 42. Rb5 1-0

[Event "LEM2014"]
[Site "?"]
[Date "2014.05.30"]
[Round "4.1"]
[White "Zoun, Mikhail"]
[Black "Zimmermann, Christian"]
[Result "0-1"]
[WhiteElo "1871"]
[BlackElo "2085"]
[PlyCount "48"]
[EventDate "2014.05.29"]
[SourceDate "2014.05.31"]

1. d4 Nf6 2. Nf3 g6 3. Bf4 Bg7 4. e3 O-O 5. h3 c5 6. c3 b6 7. Be2 Bb7 8. O-O d6
9. Nbd2 Nbd7 10. Qb3 Qc7 11. Rfd1 Rae8 12. Rac1 Qc8 13. Qa4 Qa8 14. Bb5 Rd8 15.
Bg5 Nb8 16. Be2 Rc8 17. Qb3 Rc7 18. Bf4 Rfc8 19. Ng5 Bd5 20. Bc4 h6 21. Bxd5
Nxd5 22. dxc5 hxg5 23. cxd6 Nxf4 24. dxc7 Qxg2# 0-1

[Event "LEM2014"]
[Site "?"]
[Date "2014.05.30"]
[Round "4.2"]
[White "Paul, Johannes"]
[Black "Schoenrock, Ruediger"]
[Result "1-0"]
[WhiteElo "2274"]
[BlackElo "2010"]
[PlyCount "39"]
[EventDate "2014.05.29"]
[SourceDate "2014.05.31"]

1. c4 c6 2. Nf3 d5 3. g3 Nf6 4. Bg2 Bf5 5. cxd5 cxd5 6. Qb3 Qb6 7. Qxb6 axb6 8.
Nc3 Nc6 9. d3 Nb4 10. O-O Nc2 11. Rb1 d4 12. Nb5 Rxa2 13. Bd2 e5 14. Rfc1 Nb4
15. Nxe5 Bc5 16. Bxb4 Bxb4 17. Nxd4 Bd7 18. Nxd7 Kxd7 19. Bh3+ Kd6 20. Nf5+ 1-0

[Event "LEM2014"]
[Site "?"]
[Date "2014.05.30"]
[Round "4.3"]
[White "Ozeran, Volodymyr"]
[Black "Groeger, Stefan"]
[Result "0-1"]
[WhiteElo "2137"]
[BlackElo "1954"]
[PlyCount "104"]

1. d4 Nf6 2. g3 e6 3. Bg2 d5 4. Nf3 c5 5. c4 Nc6 6. Nc3 dxc4 7. Qa4 cxd4 8.
Nxd4 Qxd4 9. Bxc6+ Bd7 10. Bxd7+ Qxd7 11. Qxc4 Rc8 12. Qb3 Be7 13. O-O O-O 14.
Be3 b6 15. Rfd1 Qb7 16. f3 Bc5 17. Bxc5 Rxc5 18. Rd3 h6 19. Rad1 Rc7 20. Qa3
Rd7 21. Rxd7 Nxd7 22. Nb5 Nf6 23. Kf2 a6 24. Nd6 Qa7 25. Rd3 b5+ 26. Kg2 Qb6
27. Qb4 Nd5 28. Qd2 Qxd6 29. e4 Rd8 30. exd5 exd5 31. Rd4 Qe5 32. f4 Qf5 33.
Kf3 h5 34. Kg2 Rd6 35. Qd3 Qe6 36. Qf3 Rc6 37. f5 Rc2+ 38. Kh3 Qe2 39. Qxe2
Rxe2 40. b4 Rxa2 41. Rxd5 Ra4 42. Rd6 Rxb4 43. Rxa6 Kf8 44. f6 gxf6 45. Rxf6
Kg7 46. Rb6 Rb2 47. g4 hxg4+ 48. Kxg4 b4 49. Kf3 b3 50. Ke4 Re2+ 51. Kf3 Rxh2
52. Kg3 Rb2 0-1

[Event "LEM2014"]
[Site "?"]
[Date "2014.05.30"]
[Round "4.4"]
[White "Matthey, Harald"]
[Black "Domroese, Michael"]
[Result "1-0"]
[WhiteElo "2205"]
[BlackElo "1876"]
[PlyCount "49"]
[EventDate "2014.05.29"]
[SourceDate "2014.05.31"]

1. d4 d5 2. Nf3 e6 3. c4 c6 4. Nc3 f5 5. Bf4 Nf6 6. e3 Bd6 7. Ne5 O-O 8. Bd3
Ne4 9. h4 Nd7 10. Bxe4 Bxe5 11. Bxd5 exd5 12. dxe5 dxc4 13. Qd6 Qb6 14. O-O Nc5
15. Rfd1 Be6 16. Na4 Nxa4 17. Qxe6+ Kh8 18. Rab1 Qb4 19. h5 Rae8 20. Qd7 Nc5
21. Qd6 Qb6 22. h6 Rf7 23. hxg7+ Rxg7 24. Qf6 Reg8 25. Bh6 1-0

[Event "LEM2014"]
[Site "?"]
[Date "2014.05.31"]
[Round "5.1"]
[White "Domroese, Michael"]
[Black "Zoun, Mikhail"]
[Result "0-1"]
[WhiteElo "1876"]
[BlackElo "1871"]
[PlyCount "76"]
[EventDate "2014.??.??"]

1. e4 e6 2. d3 b6 3. g3 Bb7 4. Bg2 Nf6 5. Nf3 d6 6. O-O Be7 7. Nc3 O-O 8. Ne1
d5 9. e5 Nfd7 10. d4 c5 11. Ne2 cxd4 12. f4 Nc6 13. a3 f6 14. Bh3 f5 15. b4 Rc8
16. Nf3 Re8 17. Nexd4 Nxd4 18. Nxd4 Nf8 19. Bb2 a5 20. c3 Rc4 21. g4 g6 22.
gxf5 exf5 23. Rf3 Bh4 24. Bf1 Rc8 25. Rh3 Ne6 26. Qd2 Nxd4 27. Qxd4 Be7 28. c4
axb4 29. axb4 Bxb4 30. Kg2 Bc5 31. Qd1 dxc4+ 32. Kg3 b5 33. Qc2 Qd5 34. Bg2
Qxg2+ 35. Qxg2 Bxg2 36. Kxg2 Red8 37. Bc1 Rd1 38. Rc3 Bd4 0-1

[Event "LEM2014"]
[Site "?"]
[Date "2014.05.31"]
[Round "5.2"]
[White "Groeger, Stefan"]
[Black "Matthey, Harald"]
[Result "1-0"]
[WhiteElo "1954"]
[BlackElo "2205"]
[PlyCount "111"]
[EventDate "2014.??.??"]

1. d4 g6 2. c4 Nf6 3. g3 Bg7 4. Bg2 d5 5. cxd5 Nxd5 6. Nc3 Nb6 7. Nf3 O-O 8.
O-O Nc6 9. e3 a5 10. b3 Re8 11. Bb2 a4 12. Nxa4 Nxa4 13. bxa4 Be6 14. Nd2 Qc8
15. Bc3 Bh3 16. Qc2 Bxg2 17. Kxg2 Qd7 18. Rac1 e5 19. dxe5 Nxe5 20. Bxe5 Rxe5
21. Nf3 Rh5 22. h4 c5 23. Rb1 Qc6 24. Rb5 Re8 25. Re1 h6 26. e4 c4 27. Rxh5
gxh5 28. Re2 c3 29. Ne1 Ra8 30. Nd3 Rxa4 31. Nf4 b5 32. Nd5 Qb7 33. Qd3 Rd4 34.
Qc2 b4 35. Kh2 Be5 36. Kg2 f5 37. Qb3 Kh7 38. Nxc3 fxe4 39. Nxe4 Kh8 40. Qe6
Bg7 41. Qe8+ Kh7 42. Qxh5 Rd8 43. Kh2 Kg8 44. Qg6 Rf8 45. Qe6+ Kh8 46. Nd6 Qa7
47. f4 Rf6 48. Qe8+ Kh7 49. Qe4+ Kg8 50. Ne8 Ra6 51. Nxg7 Kxg7 52. Qe5+ Kf7 53.
Qe8+ Kf6 54. Qf8+ Kg6 55. f5+ Kh5 56. Kh3 1-0

[Event "LEM2014"]
[Site "?"]
[Date "2014.05.31"]
[Round "5.3"]
[White "Schoenrock, Ruediger"]
[Black "Ozeran, Volodymyr"]
[Result "0-1"]
[WhiteElo "2010"]
[BlackElo "2137"]
[PlyCount "70"]
[EventDate "2014.??.??"]

1. e4 c6 2. c4 d5 3. cxd5 cxd5 4. exd5 Nf6 5. Bb5+ Bd7 6. Bc4 Qa5 7. Nc3 Na6 8.
a3 b5 9. Ba2 b4 10. axb4 Nxb4 11. Nf3 Nd3+ 12. Kf1 Rc8 13. g3 Ng4 14. Qe2 Qb6
15. Kg2 Ngxf2 16. h4 Nxh1 17. Qxd3 Qf2+ 18. Kxh1 Bh3 19. Qe2 Bg2+ 20. Kh2 Qxe2
21. Nxe2 Bxf3 22. Nc3 g5 23. d3 gxh4 24. gxh4 Bg7 25. Kg3 Bh5 26. Bc4 Be5+ 27.
Kf2 O-O 28. Be3 Rb8 29. Ra2 a5 30. Nb5 Kh8 31. Rxa5 Rg8 32. Bc5 Rg3 33. b4 Rbg8
34. Nd4 Rg2+ 35. Ke3 f5 0-1

[Event "LEM2014"]
[Site "?"]
[Date "2014.05.31"]
[Round "5.4"]
[White "Zimmermann, Christian"]
[Black "Paul, Johannes"]
[Result "1/2-1/2"]
[WhiteElo "2085"]
[BlackElo "2274"]
[PlyCount "51"]
[EventDate "2014.??.??"]

1. e4 e6 2. d4 d5 3. Nc3 Nc6 4. Be3 dxe4 5. Nxe4 Nf6 6. Nxf6+ Qxf6 7. Nf3 h6 8.
Qd2 Bd6 9. c3 O-O 10. Bd3 e5 11. dxe5 Nxe5 12. Nxe5 Bxe5 13. O-O-O Bf5 14. Bxf5
Qxf5 15. Qd5 Qf6 16. g3 Rfd8 17. Qb5 b6 18. Rhe1 a6 19. Qb3 a5 20. f4 a4 21.
Qc2 Rxd1+ 22. Rxd1 Bd6 23. Qe4 Ra5 24. Qe8+ Kh7 25. Qe4+ Kg8 26. Qe8+ 1/2-1/2

[Event "LEM2014"]
[Site "?"]
[Date "2014.05.31"]
[Round "6.1"]
[White "Zoun, Mikhail"]
[Black "Paul, Johannes"]
[Result "0-1"]
[WhiteElo "1871"]
[BlackElo "2274"]
[PlyCount "100"]
[EventDate "2014.??.??"]

1. d4 Nf6 2. Nf3 g6 3. g3 Bg7 4. Bg2 O-O 5. O-O d6 6. c3 Nbd7 7. Re1 Re8 8. e4
e5 9. dxe5 Nxe5 10. Nxe5 Rxe5 11. Bf4 Re8 12. Nd2 Ng4 13. Nf3 Bd7 14. h3 Ne5
15. Nxe5 Bxe5 16. Bxe5 Rxe5 17. Kh2 Bc6 18. f4 Re6 19. Qc2 Qf6 20. Re3 Rae8 21.
Rae1 g5 22. fxg5 Qxg5 23. Qf2 Re5 24. Qf4 Qg6 25. g4 R8e6 26. c4 a5 27. b3 Kf8
28. a3 Ke7 29. b4 Kf8 30. b5 Bd7 31. Rf3 Kg7 32. Ref1 Re7 33. Re3 Rc5 34. Rd3
Rxc4 35. Rd5 f6 36. g5 f5 37. Qd2 Rf7 38. Qd3 Rxe4 39. Bxe4 fxe4 40. Qc3+ Kg8
41. Rf6 Qh5 42. Rxf7 Qxf7 43. Rd2 Bxb5 44. Kg3 Qf5 45. Qb3+ Qf7 46. Qxf7+ Kxf7
47. Rd5 Bd3 48. Kf4 b5 49. a4 b4 50. Rf5+ Kg7 0-1

[Event "LEM2014"]
[Site "?"]
[Date "2014.05.31"]
[Round "6.2"]
[White "Ozeran, Volodymyr"]
[Black "Zimmermann, Christian"]
[Result "0-1"]
[WhiteElo "2137"]
[BlackElo "2085"]
[PlyCount "94"]
[EventDate "2014.??.??"]

1. d4 Nf6 2. g3 g6 3. Bg2 d5 4. Nf3 Bg7 5. c4 O-O 6. Na3 Nbd7 7. O-O c6 8. b3
dxc4 9. Nxc4 Nb6 10. Nxb6 Qxb6 11. Ba3 Qc7 12. Qc1 Rd8 13. Rd1 a5 14. Qc5 e6
15. Ne5 a4 16. b4 Nd7 17. Qe7 Rf8 18. b5 cxb5 19. Rac1 Qd8 20. Nxd7 Bxd7 21.
Bxb7 Rb8 22. Qxd8 Rfxd8 23. Rc7 Bc8 24. Bxc8 Rdxc8 25. Rxc8+ Rxc8 26. Bc5 Bf8
27. Bxf8 Kxf8 28. Rb1 Rb8 29. a3 Ke7 30. Rc1 Kd6 31. Rc5 b4 32. axb4 Ra8 33. b5
a3 34. Rc1 a2 35. Ra1 Kd5 36. b6 Kc6 37. b7 Kxb7 38. Kf1 Kb6 39. Ke1 Kb5 40.
Kd2 Kb4 41. Kc2 Ka3 42. e4 Rc8+ 43. Kd3 Kb2 44. Rxa2+ Kxa2 45. d5 Kb3 46. f4
Rd8 47. Kd4 f5 0-1

[Event "LEM2014"]
[Site "?"]
[Date "2014.05.31"]
[Round "6.3"]
[White "Matthey, Harald"]
[Black "Schoenrock, Ruediger"]
[Result "1-0"]
[WhiteElo "2205"]
[BlackElo "2010"]
[PlyCount "31"]
[EventDate "2014.??.??"]

1. d4 d5 2. Nf3 Nf6 3. c4 c6 4. Nc3 dxc4 5. a4 Na6 6. e3 Be6 7. Ne5 c5 8. a5
cxd4 9. exd4 Rc8 10. Bf4 g6 11. d5 Bxd5 12. Qa4+ Bc6 13. Bxc4 e6 14. Nxc6 Nc5
15. Nxd8+ Nxa4 16. Bb5+ 1-0

[Event "LEM2014"]
[Site "?"]
[Date "2014.06.01"]
[Round "7.1"]
[White "Groeger, Stefan"]
[Black "Zoun, Mikhail"]
[Result "1-0"]
[WhiteElo "1954"]
[BlackElo "1871"]
[PlyCount "115"]
[EventDate "2014.??.??"]

1. e4 e6 2. d4 b6 3. Bd3 Bb7 4. Nf3 Nf6 5. Qe2 Be7 6. O-O d6 7. c4 c5 8. d5 e5
9. Nc3 O-O 10. Ne1 Bc8 11. Bd2 Bg4 12. f3 Bh5 13. Nc2 Nbd7 14. Kh1 Ne8 15. Rf2
Bg5 16. Ne3 Bg6 17. g4 Bf4 18. Be1 h5 19. Ng2 Bg5 20. Rf1 hxg4 21. fxg4 f6 22.
Bg3 Bh6 23. Rf2 Bh7 24. h4 g6 25. Raf1 Bg7 26. Qd2 Qe7 27. Ne2 Nc7 28. Ng1 a6
29. b3 Rfb8 30. Nh3 b5 31. g5 bxc4 32. bxc4 Rf8 33. Ne3 Rab8 34. Qa5 Rb7 35.
Rb1 Rfb8 36. Rff1 Rxb1 37. Rxb1 Rxb1+ 38. Bxb1 Nf8 39. Kh2 Kh8 40. Qb6 Bg8 41.
Be1 Nh7 42. Ba5 Ne8 43. Qd8 Qf7 44. Bc2 Bf8 45. Ba4 Ng7 46. gxf6 Qxf6 47. Qxf6
Nxf6 48. Ng5 Ngh5 49. Bc6 Bh6 50. Bb7 Bxg5 51. hxg5 Nxe4 52. Bxa6 Nxg5 53. Bc7
Ne4 54. a4 Nhf6 55. a5 Ne8 56. Bb8 Nc3 57. Bb7 Bf7 58. Bc6 1-0

[Event "LEM2014"]
[Site "?"]
[Date "2014.06.01"]
[Round "7.2"]
[White "Schoenrock, Ruediger"]
[Black "Domroese, Michael"]
[Result "1-0"]
[WhiteElo "2010"]
[BlackElo "1876"]
[PlyCount "91"]
[EventDate "2014.??.??"]

1. d4 d5 2. Nf3 Nf6 3. Bf4 e6 4. e3 Nbd7 5. h3 c5 6. c3 Qb6 7. Qc2 Ne4 8. Nbd2
f5 9. Be2 Bd6 10. Bxd6 Qxd6 11. O-O O-O 12. c4 Ndf6 13. Ne5 cxd4 14. exd4 Bd7
15. c5 Qc7 16. Rfc1 g5 17. f3 Ng3 18. Bd3 Be8 19. Nf1 Nxf1 20. Bxf1 g4 21. hxg4
fxg4 22. fxg4 Qg7 23. Be2 Ne4 24. Bf3 Qh6 25. Re1 Ng3 26. a4 Qh1+ 27. Kf2 Qh4
28. Ke3 Qg5+ 29. Kd3 h5 30. gxh5 Bxh5 31. Kc3 Nf5 32. Qe2 Ng3 33. Qe3 Qxe3+ 34.
Rxe3 Rf5 35. Bxh5 Nxh5 36. g4 Rxe5 37. Rxe5 Nf6 38. Rxe6 Ne4+ 39. Kd3 Rf8 40.
Ke3 Rf7 41. Re5 Rd7 42. Rf1 Kg7 43. Rxd5 Rxd5 44. Kxe4 Rg5 45. Rf4 a5 46. d5
1-0

[Event "LEM2014"]
[Site "?"]
[Date "2014.06.01"]
[Round "7.3"]
[White "Zimmermann, Christian"]
[Black "Matthey, Harald"]
[Result "1-0"]
[WhiteElo "2085"]
[BlackElo "2205"]
[PlyCount "77"]
[EventDate "2014.??.??"]

1. e4 c5 2. Nf3 g6 3. d4 Bg7 4. Nc3 Nc6 5. Be3 cxd4 6. Nxd4 Nf6 7. Bc4 O-O 8.
Bb3 a5 9. f3 d6 10. Qd2 Bd7 11. O-O-O Nxd4 12. Bxd4 a4 13. Bd5 Qa5 14. Bxb7
Rab8 15. Bd5 Rfc8 16. a3 Qc7 17. Ba2 Qb7 18. Ne2 d5 19. exd5 Bf5 20. c4 Qxd5
21. Bc3 Qb7 22. Nd4 Bd7 23. Rhe1 Nd5 24. Bb4 Nxb4 25. Qxb4 Qa7 26. Qd2 e5 27.
Nc2 Be6 28. Nb4 Bxc4 29. Bxc4 Rxc4+ 30. Kb1 Rd4 31. Qc2 Qd7 32. Nc6 Rd8 33.
Nxd8 Qxd8 34. Rxd4 exd4 35. Qxa4 Kf8 36. Qb4+ Kg8 37. Qb5 Bf8 38. Re8 Qd6 39.
Qb8 1-0

[Event "LEM2014"]
[Site "?"]
[Date "2014.06.01"]
[Round "7.4"]
[White "Paul, Johannes"]
[Black "Ozeran, Volodymyr"]
[Result "1/2-1/2"]
[WhiteElo "2274"]
[BlackElo "2137"]
[PlyCount "119"]
[EventDate "2014.??.??"]

1. c4 e5 2. g3 Nf6 3. Bg2 Nc6 4. Nc3 Bc5 5. Nf3 a6 6. O-O O-O 7. d3 d6 8. Bg5
h6 9. Bh4 Nd4 10. Bxf6 Nxf3+ 11. Bxf3 gxf6 12. e4 c6 13. Bg2 f5 14. Bh3 fxe4
15. Bxc8 Rxc8 16. dxe4 Bd4 17. Qd3 Qd7 18. Kg2 f5 19. f3 f4 20. gxf4 Bxc3 21.
bxc3 Rxf4 22. Rad1 Rf6 23. c5 Kh7 24. Kh1 Qe6 25. cxd6 Rd8 26. f4 Rxd6 27. Qxd6
Qxd6 28. Rxd6 Rxd6 29. fxe5 Rg6 30. Rd1 Rg5 31. Rd7+ Kg6 32. Rxb7 Rxe5 33. Rb6
Rc5 34. Rxa6 Rxc3 35. Rb6 Kg5 36. a4 Kf4 37. Rb1 Kxe4 38. Ra1 Rb3 39. a5 Rb7
40. Kg2 c5 41. Kf2 Kd3 42. Rd1+ Kc4 43. Rd6 Rb2+ 44. Kg3 Ra2 45. a6 h5 46. h3
Kb5 47. Rd5 Rxa6 48. Rxh5 Kb4 49. Rh8 Rc6 50. Rb8+ Kc3 51. Kg4 c4 52. Rb1 Kc2
53. Rf1 c3 54. h4 Kd2 55. h5 c2 56. Kg5 c1=Q 57. Rxc1 Rxc1 58. h6 Ke3 59. h7
Rh1 60. Kg6 1/2-1/2